[Event "Wch Rapid"]
[Site "New York"]
[Date "2024.12.27"]
[Round "8"]
[White "Shankland, Samuel L"]
[Black "Nakamura, Hikaru"]
[Result "0-1"]
[WhiteElo "2618"]
[BlackElo "2755"]
[PlyCount "82"]
[EventDate "2024.12.26"]
[EventType "swiss (rapid)"]
[EventRounds "13"]
[EventCountry "USA"]
[SourceTitle "CB01_2025"]
[SourceDate "2025.01.01"]
[SourceVersion "1"]
[SourceVersionDate "2025.01.01"]
[SourceQuality "1"]

1. Nf3 Nf6 2. g3 d5 3. Bg2 Nbd7 4. d4 Nb6 5. 0-0 Bf5 6. Ne5 c6 7. f3 h6 8. e4 Bh7 9. Be3 e6 10. c4 Nfd7 11. cxd5 cxd5 12. Nc3 Bb4 13. Rc1 0-0 14. Qb3 Bxc3 15. Rxc3 Nf6 16. Qc2 dxe4 17. fxe4 Nbd5 18. Qd3 Nxc3 19. bxc3 Rc8 20. Bd2 Nd7 21. Nc4 Nc5 22. Qe2 Nxe4 23. Bxe4 Bxe4 24. Ne5 f6 25. Ng4 Bf5 26. Ne3 Bg6 27. Qg4 Qe8 28. Re1 Kh7 29. c4 Qf7 30. a4 b6 31. a5 Bd3 32. axb6 axb6 33. d5 e5 34. Bb4 Rfd8 35. Qd1 Bg6 36. Qb3 f5 37. Ba3 Re8 38. Rf1 f4 39. d6 b5 40. Bc1 bxc4 41. Qb6 Qd7 0-1

[Event "Wch Rapid"]
[Site "New York"]
[Date "2024.12.27"]
[Round "6"]
[White "Tsaruk, Maksim"]
[Black "Shankland, Samuel L"]
[Result "0-1"]
[WhiteElo "2437"]
[BlackElo "2618"]
[PlyCount "184"]
[EventDate "2024.12.26"]
[EventType "swiss (rapid)"]
[EventRounds "13"]
[EventCountry "USA"]
[SourceTitle "CB01_2025"]
[SourceDate "2025.01.01"]
[SourceVersion "1"]
[SourceVersionDate "2025.01.01"]
[SourceQuality "1"]

1. e4 c5 2. c3 d5 3. exd5 Qxd5 4. d4 Nf6 5. Nf3 e6 6. Na3 Nc6 7. Be3 cxd4 8. Nb5 Qd7 9. Nbxd4 Be7 10. Nxc6 Qxc6 11. Bd4 0-0 12. Bd3 b6 13. Qe2 Bb7 14. 0-0 Rad8 15. Rfe1 Bc5 16. Bxf6 gxf6 17. Be4 Qxe4 18. Qxe4 Bxe4 19. Rxe4 Rd5 20. g3 Rfd8 21. Kg2 f5 22. Re2 Kg7 23. Rae1 Kf6 24. Ne5 b5 25. c4 bxc4 26. Nxc4 Rc8 27. b3 Bb4 28. Rc1 Rd4 29. Rcc2 f4 30. Kf3 fxg3 31. hxg3 h5 32. Ne3 Rcd8 33. Rc4 a5 34. Rec2 Rxc4 35. Nxc4 Rd4 36. Ne3 Kg5 37. Rc4 Rd2 38. Rc2 Rd7 39. Rc6 h4 40. gxh4+ Kxh4 41. Nc4 Kg5 42. a3 Be7 43. Ke4 Kf6 44. Ra6 Bc5 45. Ne3 Bxe3 46. fxe3 Rd5 47. Rb6 Kg5 48. Kf3 Rc5 49. b4 axb4 50. axb4 Rc4 51. b5 Rb4 52. Rb8 Kf5 53. b6 Rb3 54. Rf8 Kf6 55. Rb8 Ke5 56. Ra8 Rxb6 57. Ra5+ Kf6 58. Kf4 Rb4+ 59. Kf3 Kg6 60. Ra8 f5 61. Rg8+ Kf7 62. Ra8 Kf6 63. Ra6 Rb5 64. Rc6 Ke5 65. Ra6 Rc5 66. Rb6 Ra5 67. Rb8 Ra3 68. Rb5+ Kd6 69. Rb8 e5 70. Ke2 Ra2+ 71. Ke1 Kd5 72. Rb4 Rc2 73. Kd1 Rc4 74. Rb2 Rg4 75. Rh2 Ra4 76. Rh5 Ra1+ 77. Ke2 Ra2+ 78. Kf3 e4+ 79. Kg3 Ke5 80. Rh8 Re2 81. Re8+ Kf6 82. Rf8+ Ke6 83. Kf4 Rf2+ 84. Kg5 Rg2+ 85. Kh5 Rg3 86. Re8+ Kf7 87. Ra8 Rxe3 88. Kg5 Rf3 89. Ra6 e3 90. Ra3 Ke6 91. Ra6+ Kd5 92. Ra5+ Kc4 0-1

[Event "Wch Rapid"]
[Site "New York"]
[Date "2024.12.27"]
[Round "9"]
[White "Vakhidov, Jahongir"]
[Black "Shankland, Samuel L"]
[Result "1/2-1/2"]
[WhiteElo "2466"]
[BlackElo "2618"]
[PlyCount "90"]
[EventDate "2024.12.26"]
[EventType "swiss (rapid)"]
[EventRounds "13"]
[EventCountry "USA"]
[SourceTitle "CB01_2025"]
[SourceDate "2025.01.01"]
[SourceVersion "1"]
[SourceVersionDate "2025.01.01"]
[SourceQuality "1"]

1. c4 Nf6 2. Nc3 g6 3. g3 Bg7 4. Bg2 0-0 5. d4 Nc6 6. Nf3 d5 7. cxd5 Nxd5 8. 0-0 Nb6 9. e3 e5 10. d5 e4 11. dxc6 Qxd1 12. Rxd1 exf3 13. Bxf3 bxc6 14. Rb1 Rb8 15. Ne2 c5 16. b3 Nc4 17. Bd5 Ba6 18. Bxc4 Bxc4 19. Nf4 g5 20. Nd5 Be2 21. Rd2 Bf3 22. Ba3 Rfd8 23. Ne7+ Kh8 24. Rxd8+ Rxd8 25. Bxc5 Bf8 26. Rc1 f6 27. Nc6 Bxc6 28. Bxf8 Bf3 29. Be7 Rd2 30. Bxf6+ Kg8 31. Bxg5 Rxa2 32. e4 Bxe4 33. Rxc7 Rb2 34. f4 Rxb3 35. Rxa7 Rb2 36. Re7 Bd5 37. f5 Rg2+ 38. Kf1 Rxh2 39. f6 Bf7 40. Rc7 h6 41. Bf4 Rh5 42. g4 Rh4 43. Kf2 h5 44. Bh6 Rxg4 45. Bg7 Rxg7 1/2-1/2

[Event "Wch Rapid"]
[Site "New York"]
[Date "2024.12.26"]
[Round "4"]
[White "Dubov, Daniil"]
[Black "Shankland, Samuel L"]
[Result "1/2-1/2"]
[WhiteElo "2677"]
[BlackElo "2618"]
[PlyCount "51"]
[EventDate "2024.12.26"]
[EventType "swiss (rapid)"]
[EventRounds "13"]
[EventCountry "USA"]
[SourceTitle "CB01_2025"]
[SourceDate "2025.01.01"]
[SourceVersion "1"]
[SourceVersionDate "2025.01.01"]
[SourceQuality "1"]

1. d4 Nf6 2. Nf3 g6 3. c4 Bg7 4. Nc3 0-0 5. Bg5 d6 6. e3 c5 7. d5 h6 8. Bh4 e6 9. Bd3 exd5 10. Nxd5 Nc6 11. 0-0 Be6 12. Bxf6 Bxf6 13. Nf4 Re8 14. Qb1 Bg7 15. Nxe6 Rxe6 16. Rd1 Qb6 17. Rd2 Rae8 18. Qf1 Qa5 19. Qd1 a6 20. Bf1 Rd8 21. a3 Ne7 22. Qc2 b5 23. Rad1 Qb6 24. b3 Qc6 25. Ne1 d5 26. cxd5 1/2-1/2

[Event "Wch Rapid"]
[Site "New York"]
[Date "2024.12.26"]
[Round "5"]
[White "Shankland, Samuel L"]
[Black "Firouzja, Alireza"]
[Result "1/2-1/2"]
[WhiteElo "2618"]
[BlackElo "2756"]
[PlyCount "77"]
[EventDate "2024.12.26"]
[EventType "swiss (rapid)"]
[EventRounds "13"]
[EventCountry "USA"]
[SourceTitle "CB01_2025"]
[SourceDate "2025.01.01"]
[SourceVersion "1"]
[SourceVersionDate "2025.01.01"]
[SourceQuality "1"]

1. Nf3 Nf6 2. g3 b6 3. Bg2 Bb7 4. 0-0 g6 5. c4 Bg7 6. d4 0-0 7. d5 Na6 8. Nc3 Nc5 9. Re1 e6 10. e4 d6 11. Rb1 a5 12. Qc2 Re8 13. Bd2 Bc8 14. Rbd1 exd5 15. cxd5 Ba6 16. Bc1 Nfd7 17. Bf1 Bxf1 18. Kxf1 Nf6 19. Kg2 Qd7 20. h3 c6 21. Bg5 cxd5 22. Bxf6 Bxf6 23. Nxd5 Qd8 24. b3 Rc8 25. a3 Bg7 26. Qb1 b5 27. b4 Na4 28. Re2 Nc3 29. Nxc3 Rxc3 30. Rd3 axb4 31. axb4 Qc7 32. Rxc3 Qxc3 33. Rd2 Qc6 34. Rd5 Qc4 35. Rxd6 Bc3 36. Rd5 Rxe4 37. Rc5 Qxb4 38. Rxb5 Qxb1 39. Rxb1 1/2-1/2

[Event "Saint Louis Masters op"]
[Site "Saint Louis"]
[Date "2024.12.07"]
[Round "9"]
[White "Shankland, Samuel L"]
[Black "Bok, Benjamin"]
[Result "1/2-1/2"]
[WhiteElo "2672"]
[BlackElo "2593"]
[PlyCount "137"]
[EventDate "2024.12.03"]
[EventType "swiss"]
[EventRounds "9"]
[EventCountry "USA"]
[SourceTitle "CB50_2024"]
[SourceDate "2024.11.01"]
[SourceVersion "1"]
[SourceVersionDate "2024.11.01"]
[SourceQuality "2"]

1. d4 Nf6 2. c4 e6 3. Nf3 d5 4. g3 Be7 5. Bg2 0-0 6. 0-0 dxc4 7. Qa4 a6 8. Qxc4 b5 9. Qc2 Bb7 10. Bd2 Ra7 11. Rc1 Be4 12. Qc3 Nc6 13. Be3 Ng4 14. Nbd2 Bb4 15. Qb3 Bxd2 16. Bxd2 Nxd4 17. Qd1 c5 18. Nxd4 Bxg2 19. Nb3 c4 20. Kxg2 Rd7 21. Qg1 Rxd2 22. Nxd2 Qxd2 23. h3 Ne5 24. Qd1 Qxb2 25. a4 Ng6 26. axb5 axb5 27. Rcb1 Qe5 28. Ra6 Rb8 29. Kg1 Qe4 30. Rd6 h6 31. Rd4 Qe5 32. e3 Kh7 33. Qf3 Qc7 34. Qe4 Kg8 35. Rc1 Ne5 36. f4 Nd7 37. Rb1 Nc5 38. Qc2 Qa7 39. Rxb5 Ra8 40. Rxc4 Nd7 41. Rc8+ Rxc8 42. Qxc8+ Kh7 43. Qc3 f5 44. g4 Nf6 45. Qd3 Nd5 46. Rxd5 exd5 47. Qxf5+ Kh8 48. Qe5 Qa5 49. Qb8+ Kh7 50. Qb1+ Kh8 51. Qd1 Qc3 52. Kf2 Qb2+ 53. Kg3 Qa3 54. Qd4 Qc1 55. Kh4 Kh7 56. f5 Qe1+ 57. Kh5 Qf1 58. h4 Qa6 59. g5 Qe2+ 60. Qg4 Qxe3 61. Qg2 Qe5 62. Qc2 Qe8+ 63. g6+ Kg8 64. Kg4 Qd8 65. Qb3 Kh8 66. Qb7 Qe8 67. Qxd5 h5+ 68. Kf4 Qe3+ 69. Kxe3 1/2-1/2

[Event "Saint Louis Masters op"]
[Site "Saint Louis"]
[Date "2024.12.06"]
[Round "8"]
[White "Nyzhnyk, Illya"]
[Black "Shankland, Samuel L"]
[Result "0-1"]
[WhiteElo "2564"]
[BlackElo "2672"]
[PlyCount "114"]
[EventDate "2024.12.03"]
[EventType "swiss"]
[EventRounds "9"]
[EventCountry "USA"]
[SourceTitle "CB50_2024"]
[SourceDate "2024.11.01"]
[SourceVersion "1"]
[SourceVersionDate "2024.11.01"]
[SourceQuality "2"]

1. e4 c5 2. Nf3 d6 3. Bb5+ Nd7 4. 0-0 a6 5. Bxd7+ Bxd7 6. c3 e6 7. d4 Ne7 8. dxc5 dxc5 9. Qe2 Ng6 10. Rd1 Qc7 11. Nbd2 Be7 12. g3 Bc6 13. b3 h5 14. Bb2 h4 15. c4 0-0-0 16. e5 b6 17. Ne4 Bb7 18. Rxd8+ Rxd8 19. Re1 Qc6 20. Qe3 Kb8 21. Kf1 Ka7 22. Nfd2 hxg3 23. hxg3 Qc7 24. Nf3 Qd7 25. Ke2 f5 26. exf6 gxf6 27. Bxf6 Bxf6 28. Nxf6 Qg7 29. Ne4 Qb2+ 30. Kf1 Qxa2 31. Qc3 Qa3 32. Ra1 Qb4 33. Qe3 Bxe4 34. Qxe4 Qxb3 35. Kg2 Qd3 36. Qxe6 a5 37. Rh1 Rf8 38. Ng5 Qf5 39. Qxf5 Rxf5 40. Ne6 Re5 41. Rh7+ Kb8 42. Nd8 Kc8 43. Nc6 Re6 44. Na7+ Kb8 45. f4 Rf6 46. Kf3 Ne5+ 47. Ke4 Nxc4 48. Nb5 a4 49. g4 a3 50. Nxa3 Nxa3 51. g5 Rd6 52. f5 Rd4+ 53. Ke5 Nc4+ 54. Ke6 Rd6+ 55. Ke7 Kc7 56. g6 Ne3 57. Kf8+ Kd8 0-1

[Event "Saint Louis Masters op"]
[Site "Saint Louis"]
[Date "2024.12.05"]
[Round "5"]
[White "Shankland, Samuel L"]
[Black "Cordova, Emilio"]
[Result "0-1"]
[WhiteElo "2672"]
[BlackElo "2531"]
[PlyCount "124"]
[EventDate "2024.12.03"]
[EventType "swiss"]
[EventRounds "9"]
[EventCountry "USA"]
[SourceTitle "CB50_2024"]
[SourceDate "2024.11.01"]
[SourceVersion "1"]
[SourceVersionDate "2024.11.01"]
[SourceQuality "2"]

1. e4 e6 2. d4 d5 3. Nc3 a6 4. Nf3 Nf6 5. e5 Nfd7 6. Ne2 c5 7. c3 Nc6 8. a3 Nb6 9. Nf4 Bd7 10. Bd3 Qc7 11. 0-0 c4 12. Bc2 h6 13. Be3 0-0-0 14. Nh5 Na5 15. Nd2 Bc6 16. g4 g6 17. Ng3 h5 18. gxh5 gxh5 19. Kh1 h4 20. Ne2 Nd7 21. Nf3 Nb3 22. Rb1 Be7 23. Nf4 Rhg8 24. Rg1 Rxg1+ 25. Qxg1 Nxe5 26. Nxe5 Qxe5 27. dxe5 d4+ 28. Ng2 h3 29. cxd4 Nxd4 30. Bxd4 hxg2+ 31. Qxg2 Bxg2+ 32. Kxg2 Rxd4 33. Rd1 Bc5 34. Kg3 Rxd1 35. Bxd1 Bd4 36. b3 Bxe5+ 37. f4 Bd6 38. bxc4 Bxa3 39. Kg4 Kd7 40. h4 f5+ 41. Kg5 Be7+ 42. Kg6 Bxh4 43. c5 Bf2 44. Bf3 Bxc5 45. Bxb7 a5 46. Ba6 Ke7 47. Bb5 Bd6 48. Kg5 Kf7 49. Bd7 Be7+ 50. Kh5 Kf6 51. Kh4 e5 52. Kg3 Bd6 53. fxe5+ Kxe5 54. Kf3 f4 55. Ke2 Kd4 56. Be8 Kc3 57. Bc6 Bf8 58. Be8 Bh6 59. Bc6 Kb4 60. Kd3 a4 61. Bf3 a3 62. Bd5 f3 0-1

[Event "Saint Louis Masters op"]
[Site "Saint Louis"]
[Date "2024.12.05"]
[Round "6"]
[White "Woodward, Andy"]
[Black "Shankland, Samuel L"]
[Result "0-1"]
[WhiteElo "2530"]
[BlackElo "2672"]
[PlyCount "88"]
[EventDate "2024.12.03"]
[EventType "swiss"]
[EventRounds "9"]
[EventCountry "USA"]
[SourceTitle "CB50_2024"]
[SourceDate "2024.11.01"]
[SourceVersion "1"]
[SourceVersionDate "2024.11.01"]
[SourceQuality "2"]

1. d4 Nf6 2. c4 e6 3. g3 c5 4. d5 exd5 5. cxd5 d6 6. Nc3 g6 7. Bg2 Bg7 8. Nf3 0-0 9. 0-0 Re8 10. Bf4 Na6 11. Re1 Bg4 12. h3 Bxf3 13. Bxf3 Nd7 14. Bg2 Ne5 15. Rb1 Rc8 16. a3 c4 17. Ne4 Nc5 18. Bg5 Qd7 19. Nxc5 Rxc5 20. Be3 Rb5 21. Bd2 Rb3 22. Bc3 Qc8 23. Rc1 b5 24. Kh2 Qc5 25. Kg1 a5 26. Bxa5 Rxb2 27. Bb4 Qb6 28. Rc2 Rb3 29. Kf1 Nd7 30. Rc1 Bd4 31. e3 Bc5 32. Rb1 Bxb4 33. axb4 Ra3 34. h4 Qd8 35. Qc1 Ra4 36. Ra1 Rxb4 37. Qa3 Rb3 38. Qxd6 Ne5 39. Qxd8 Rxd8 40. Reb1 Rxb1+ 41. Rxb1 c3 42. Be4 Nc4 43. Ke2 Nd2 44. Rb4 Nxe4 0-1

[Event "Saint Louis Masters op"]
[Site "Saint Louis"]
[Date "2024.12.04"]
[Round "4"]
[White "Caruana, Fabiano"]
[Black "Shankland, Samuel L"]
[Result "1-0"]
[WhiteElo "2805"]
[BlackElo "2672"]
[PlyCount "73"]
[EventDate "2024.12.03"]
[EventType "swiss"]
[EventRounds "9"]
[EventCountry "USA"]
[SourceTitle "CB50_2024"]
[SourceDate "2024.11.01"]
[SourceVersion "1"]
[SourceVersionDate "2024.11.01"]
[SourceQuality "2"]

1. e4 c5 2. Nf3 d6 3. d4 cxd4 4. Nxd4 Nf6 5. Nc3 a6 6. Be2 e5 7. Nb3 Be7 8. Qd3 Be6 9. Nd5 Nxd5 10. exd5 Bc8 11. a4 0-0 12. a5 f5 13. Nd2 Nd7 14. 0-0 e4 15. Qa3 Ne5 16. f4 exf3 17. Nxf3 Bf6 18. Nxe5 Bxe5 19. Bf4 Re8 20. Bxe5 Rxe5 21. Bd3 b6 22. Qb4 bxa5 23. Rxa5 Ra7 24. Rfa1 Rb7 25. Qd4 Rbe7 26. h3 f4 27. Bxa6 Re1+ 28. Kh2 f3 29. Qh4 R1e4 30. Qg3 fxg2 31. Bxc8 g1Q+ 32. Qxg1 Re2+ 33. Kh1 Qf8 34. Bg4 Qf4 35. Bxe2 Rxe2 36. Ra8+ Kf7 37. R1a7+ 1-0

[Event "Saint Louis Masters op"]
[Site "Saint Louis"]
[Date "2024.12.04"]
[Round "3"]
[White "Shankland, Samuel L"]
[Black "Zhou, Jianchao"]
[Result "1-0"]
[WhiteElo "2672"]
[BlackElo "2572"]
[PlyCount "87"]
[EventDate "2024.12.03"]
[EventType "swiss"]
[EventRounds "9"]
[EventCountry "USA"]
[SourceTitle "CB50_2024"]
[SourceDate "2024.11.01"]
[SourceVersion "1"]
[SourceVersionDate "2024.11.01"]
[SourceQuality "2"]

1. e4 c5 2. Nf3 d6 3. d4 cxd4 4. Nxd4 Nf6 5. Nc3 a6 6. Be3 e5 7. Nb3 Be7 8. f3 Be6 9. Qd2 0-0 10. 0-0-0 Nbd7 11. g4 b5 12. g5 Nh5 13. Kb1 Nb6 14. Na5 Rc8 15. a3 Qc7 16. Nd5 Nxd5 17. exd5 Bxd5 18. Qxd5 Qxa5 19. Rg1 g6 20. Rg4 Nf4 21. Bxf4 exf4 22. h4 Rc5 23. Qb3 d5 24. Rxf4 Qc7 25. Rfd4 Qh2 26. f4 Rd8 27. f5 gxf5 28. Qd3 Qf2 29. Rd2 Qe1+ 30. Ka2 Rc4 31. Qxf5 Rxd4 32. Rxd4 Qe6 33. Qf3 Qe5 34. Rf4 Bf8 35. Rf5 Qe7 36. Bd3 Bg7 37. Qh5 Qe6 38. Rf1 h6 39. gxh6 Bxh6 40. Bf5 Qc6 41. Bh3 Rf8 42. Rg1+ Kh7 43. Qf5+ Kh8 44. Qe5+ 1-0

[Event "Titled Tuesday intern op 26th Nov Late"]
[Site "Chess.com INT"]
[Date "2024.11.26"]
[Round "10"]
[White "Bjerre, Jonas Buhl"]
[Black "Shankland, Samuel L"]
[Result "1-0"]
[WhiteElo "2654"]
[BlackElo "2672"]
[PlyCount "97"]
[EventDate "2024.11.26"]
[EventType "swiss (blitz)"]
[EventRounds "11"]
[EventCountry "USA"]
[SourceTitle "CB49_2024"]
[SourceDate "2024.12.04"]
[SourceVersion "1"]
[SourceVersionDate "2024.12.04"]
[SourceQuality "1"]

1. e4 c5 2. Nf3 d6 3. Bc4 Nf6 4. d3 e6 5. 0-0 Be7 6. c3 0-0 7. Nbd2 Nbd7 8. Re1 a6 9. a4 b6 10. Bb3 Bb7 11. d4 b5 12. Bc2 Qc7 13. e5 Nd5 14. exd6 Bxd6 15. Ne4 Be7 16. Neg5 N5f6 17. axb5 axb5 18. Rxa8 Rxa8 19. Qe2 Bd5 20. Ne5 Rf8 21. Qd3 g6 22. Ngf3 cxd4 23. Qxd4 Bd6 24. Nxd7 Nxd7 25. Bh6 f6 26. Bxf8 Bxf8 27. Be4 Bc5 28. Qd2 Bb3 29. h4 Nb6 30. Bd3 Bd5 31. Qe2 Nc4 32. Be4 Bxe4 33. Qxe4 e5 34. h5 Kg7 35. Qd5 Nb6 36. Qd3 b4 37. hxg6 hxg6 38. Nh4 Qf7 39. Ra1 bxc3 40. bxc3 Nc8 41. Ra5 Bf8 42. Rd5 Ne7 43. Rd7 f5 44. Qd6 e4 45. g3 Kg8 46. Ng2 Qe8 47. Qe6+ Kh8 48. Nf4 Kg7 49. Nd5 1-0

[Event "Titled Tuesday intern op 26th Nov Late"]
[Site "Chess.com INT"]
[Date "2024.11.26"]
[Round "5"]
[White "Kuru, Atilla"]
[Black "Shankland, Samuel L"]
[Result "0-1"]
[WhiteElo "2371"]
[BlackElo "2672"]
[PlyCount "98"]
[EventDate "2024.11.26"]
[EventType "swiss (blitz)"]
[EventRounds "11"]
[EventCountry "USA"]
[SourceTitle "CB49_2024"]
[SourceDate "2024.12.04"]
[SourceVersion "1"]
[SourceVersionDate "2024.12.04"]
[SourceQuality "1"]

1. e4 c6 2. d4 d5 3. exd5 cxd5 4. c4 Nf6 5. Nc3 g6 6. Qb3 Bg7 7. cxd5 0-0 8. Be2 Na6 9. Bf3 Qb6 10. Nge2 Rd8 11. 0-0 Qxb3 12. axb3 Nc7 13. Ra5 b6 14. Bf4 bxa5 15. Bxc7 Rd7 16. d6 exd6 17. Bxa8 Rxc7 18. Ra1 Be6 19. d5 Bd7 20. Rxa5 Ng4 21. h3 Ne5 22. Nd4 Nc4 23. bxc4 Bxd4 24. Nb5 Bxb5 25. cxb5 Rc2 26. Kh2 Rxf2 27. b4 h5 28. Bc6 h4 29. Ra3 Rb2 30. Rf3 f5 31. Rf1 Kg7 32. Re1 Be5+ 33. Kg1 Rxb4 34. Re2 Kf6 35. Kf2 g5 36. Ra2 g4 37. Ke2 Bd4 38. hxg4 fxg4 39. Bd7 Kg5 40. Kd3 Bb6 41. Re2 Kf4 42. Re8 Kg3 43. Re4 Rxe4 44. Kxe4 h3 45. gxh3 gxh3 46. Bxh3 Kxh3 47. Kf5 Kg3 48. Ke6 Bc5 49. Kd7 Kf4 0-1

[Event "Titled Tuesday intern op 26th Nov Late"]
[Site "Chess.com INT"]
[Date "2024.11.26"]
[Round "2"]
[White "Manukyan, Sargis A"]
[Black "Shankland, Samuel L"]
[Result "1/2-1/2"]
[WhiteElo "2216"]
[BlackElo "2672"]
[PlyCount "135"]
[EventDate "2024.11.26"]
[EventType "swiss (blitz)"]
[EventRounds "11"]
[EventCountry "USA"]
[SourceTitle "CB49_2024"]
[SourceDate "2024.12.04"]
[SourceVersion "1"]
[SourceVersionDate "2024.12.04"]
[SourceQuality "1"]

1. d4 d5 2. c4 c6 3. Nc3 Nf6 4. e3 e6 5. Nf3 Nbd7 6. Bd3 dxc4 7. Bxc4 b5 8. Bd3 Bd6 9. e4 e5 10. 0-0 0-0 11. Bg5 h6 12. Bh4 Re8 13. Qc2 exd4 14. Nxd4 Ne5 15. Be2 Qb6 16. Nf5 Bxf5 17. exf5 Ned7 18. Rad1 Be5 19. Bf3 Rac8 20. h3 Qc5 21. Rc1 Qb4 22. Bxf6 Nxf6 23. a3 Qc5 24. Rfe1 a5 25. Ne4 Nxe4 26. Qxc5 Nxc5 27. Rxc5 Bd6 28. Rxe8+ Rxe8 29. Rc1 c5 30. Bc6 Rb8 31. b3 Rb6 32. Bd5 Kf8 33. g3 Ke7 34. Rd1 Kf6 35. Kg2 Be5 36. g4 Bd4 37. b4 axb4 38. axb4 Rd6 39. Bf3 c4 40. Rd2 Ke7 41. Be4 Kd7 42. Ra2 Kc7 43. Ra8 Bb6 44. Rf8 Rd7 45. Rg8 f6 46. f4 c3 47. Kf3 Re7 48. Ra8 c2 49. Ra1 Kd6 50. Rc1 Rc7 51. Rxc2 Rxc2 52. Bxc2 Bd4 53. Bd3 Kc6 54. g5 fxg5 55. fxg5 hxg5 56. Kg4 Bf6 57. Kh5 Bc3 58. Kg6 Bxb4 59. Kxg7 Kd6 60. f6 Ke5 61. f7 Kf4 62. Bxb5 g4 63. h4 g3 64. Bc6 Kg4 65. f8Q Bxf8+ 66. Kxf8 Kxh4 67. Kf7 g2 68. Bxg2 1/2-1/2

[Event "Titled Tuesday intern op 26th Nov Late"]
[Site "Chess.com INT"]
[Date "2024.11.26"]
[Round "8"]
[White "Martinez Alcantara, Jose Eduardo"]
[Black "Shankland, Samuel L"]
[Result "1-0"]
[WhiteElo "2607"]
[BlackElo "2672"]
[PlyCount "67"]
[EventDate "2024.11.26"]
[EventType "swiss (blitz)"]
[EventRounds "11"]
[EventCountry "USA"]
[SourceTitle "CB49_2024"]
[SourceDate "2024.12.04"]
[SourceVersion "1"]
[SourceVersionDate "2024.12.04"]
[SourceQuality "1"]

1. e4 c5 2. Nf3 d6 3. c3 Nf6 4. h3 Nc6 5. Bd3 g6 6. Bc2 Bg7 7. d4 cxd4 8. cxd4 0-0 9. 0-0 e5 10. d5 Nb4 11. Nc3 Nxc2 12. Qxc2 Bd7 13. a4 Qb8 14. Be3 Rc8 15. Qb3 b6 16. Nd2 Qb7 17. Nc4 Bf8 18. Rfc1 Qa6 19. Nd2 Qd3 20. Rd1 Be7 21. Ra3 Rab8 22. Qa2 a6 23. Qa1 b5 24. Nxb5 Qc2 25. Na7 Rc7 26. Nc6 Bxc6 27. Rc1 Qxb2 28. Qxb2 Rxb2 29. Rac3 Ra2 30. Rxc6 Rb7 31. Bh6 Bf8 32. Rc8 Nd7 33. Rxf8+ Nxf8 34. Rc8 1-0

[Event "Titled Tuesday intern op 26th Nov Late"]
[Site "Chess.com INT"]
[Date "2024.11.26"]
[Round "4"]
[White "Shankland, Samuel L"]
[Black "Arnaudov, Petar G"]
[Result "1-0"]
[WhiteElo "2672"]
[BlackElo "2401"]
[PlyCount "73"]
[EventDate "2024.11.26"]
[EventType "swiss (blitz)"]
[EventRounds "11"]
[EventCountry "USA"]
[SourceTitle "CB49_2024"]
[SourceDate "2024.12.04"]
[SourceVersion "1"]
[SourceVersionDate "2024.12.04"]
[SourceQuality "1"]

1. e4 e5 2. Nf3 Nc6 3. Bb5 a6 4. Bxc6 dxc6 5. 0-0 Qf6 6. d4 exd4 7. Bg5 Qd6 8. Nxd4 Bd7 9. Nc3 Ne7 10. Bh4 c5 11. Nde2 Qxd1 12. Raxd1 0-0-0 13. Nd5 Re8 14. Bxe7 Bxe7 15. Nxe7+ Rxe7 16. Nc3 f5 17. Rfe1 Rhe8 18. f3 Bc6 19. Re3 fxe4 20. Rde1 Rd8 21. Kf2 b5 22. Nxe4 Bxe4 23. Rxe4 Rxe4 24. Rxe4 Rd2+ 25. Re2 Rd7 26. h4 Kb7 27. g4 c4 28. f4 Kb6 29. Kf3 Kc5 30. f5 c3 31. bxc3 Kc4 32. Re3 Rd2 33. g5 Rxc2 34. f6 gxf6 35. gxf6 Rc1 36. Kg2 Rc2+ 37. Kg3 1-0